[Event "ROM-ch U12 Girls"]
[Site "Calimanesti"]
[Date "2014.04.12"]
[Round "8"]
[White "Lazar, Irina Maria"]
[Black "Borta, Cristina"]
[Result "0-1"]
[WhiteElo "1022"]
[BlackElo "1001"]
[PlyCount "74"]
[EventDate "2014.04.06"]
[EventType "swiss"]
[EventRounds "9"]
[EventCountry "ROU"]
[SourceTitle "CBM 160 Extra"]
[Source "ChessBase"]
[SourceDate "2014.07.01"]
[SourceVersion "1"]
[SourceVersionDate "2014.07.01"]
[SourceQuality "1"]

1. e4 e5 2. Nf3 Nc6 3. Bc4 Nf6 4. Nc3 Bc5 5. h3 0-0 6. d3 d6 7. 0-0 Be6 8. Bxe6 fxe6 9. Ng5 Re8 10. Nf3 d5 11. Re1 h6 12. a3 a5 13. Nh4 Nd4 14. Ng6 Nc6 15. Qf3 Nd4 16. Qd1 Nd7 17. Rb1 Qf6 18. Qg4 Nxc2 19. Re2 Nd4 20. Rd2 Nb3 21. Rd1 Nxc1 22. Rbxc1 Qxf2+ 23. Kh2 Nf6 24. Qh4 Qxh4 25. Nxh4 Rad8 26. Nf3 dxe4 27. Re1 exf3 28. Rxe5 Bd6 29. Rce1 Bxe5+ 30. Rxe5 f2 31. Nb5 f1Q 32. Nxc7 Qf4+ 33. g3 Qxe5 34. Nxe8 Nxe8 35. a4 Qxb2+ 36. Kg1 Rxd3 37. Kf1 Rd1# 0-1

[Event "ROM-ch U10 Girls"]
[Site "Calimanesti"]
[Date "2013.04.05"]
[Round "5"]
[White "Lazar, Irina Maria"]
[Black "Boboc, Thea Elena"]
[Result "0-1"]
[WhiteElo "1053"]
[BlackElo "1321"]
[PlyCount "70"]
[EventDate "2013.04.02"]
[EventType "swiss"]
[EventRounds "9"]
[EventCountry "ROU"]
[SourceTitle "CBM 153 Extra"]
[Source "ChessBase"]
[SourceDate "2013.04.22"]
[SourceVersion "1"]
[SourceVersionDate "2013.04.22"]
[SourceQuality "1"]

1. e4 c5 2. Nf3 e6 3. Nc3 a6 4. a4 Nc6 5. d3 d5 6. Qe2 d4 7. Na2 e5 8. g3 Be6 9. Ng5 Bd7 10. Qh5 g6 11. Qf3 f6 12. Nh3 Be6 13. Bg2 Qd7 14. Ng1 Bg4 15. Qxg4 Qxg4 16. Bh3 Qh5 17. g4 Qh4 18. Bd2 Bh6 19. 0-0-0 Bxd2+ 20. Rxd2 Qh6 21. Nf3 Qxh3 22. Ng1 Qg2 23. f3 Qxh1 24. Rd1 Qxh2 25. b3 Qh6+ 26. Kb1 Qg7 27. Rc1 b5 28. Ne2 bxa4 29. Rf1 Rb8 30. Kc1 axb3 31. cxb3 Rxb3 32. Kd1 Rb1+ 33. Nac1 Qh6 34. Rf2 Qh1+ 35. Kd2 Rb2# 0-1

[Event "ROM-ch U10 Girls"]
[Site "Calimanesti"]
[Date "2013.04.04"]
[Round "4"]
[White "Stan, Andreea Loredana"]
[Black "Lazar, Irina Maria"]
[Result "1/2-1/2"]
[WhiteElo "1345"]
[BlackElo "1053"]
[PlyCount "78"]
[EventDate "2013.04.02"]
[EventType "swiss"]
[EventRounds "9"]
[EventCountry "ROU"]
[SourceTitle "CBM 153 Extra"]
[Source "ChessBase"]
[SourceDate "2013.04.22"]
[SourceVersion "1"]
[SourceVersionDate "2013.04.22"]
[SourceQuality "1"]

1. d4 Nf6 2. c4 g6 3. Nf3 h6 4. Nc3 e6 5. Bf4 Bg7 6. e3 Nh5 7. Be5 f6 8. Bg3 g5 9. Bd3 f5 10. Be5 Nf6 11. Qc2 d6 12. Bxf6 Qxf6 13. Nb5 Qf7 14. g4 0-0 15. gxf5 exf5 16. c5 d5 17. Rg1 g4 18. Nh4 Qh5 19. Nxc7 Qxh4 20. Nxa8 f4 21. Qd2 Qxh2 22. Rf1 Qh4 23. Nc7 g3 24. fxg3 Qxg3+ 25. Qf2 Qg5 26. exf4 Qe7+ 27. Qe2 Qxc7 28. Qg2 Nc6 29. Qxd5+ Rf7 30. Bg6 Qe7+ 31. Kd1 Be6 32. Bxf7+ Qxf7 33. Qg2 Qd7 34. Re1 Qxd4+ 35. Qd2 Bg4+ 36. Kc1 Qxc5+ 37. Qc2 Qb4 38. Re8+ Kf7 39. Re3 Nd4 1/2-1/2